Statistics for Liverpool Summer Transfers 2016

Click here to take the quiz!

General Stats

  • This quiz has been taken 101 times
    (88 since last reset)
  • The average score is 9 of 32

Answer Stats

In/OutTeamAnswer% Correct
InFC Schalke 04Joel Matip
86%
InSouthamptonSadio Mane
84%
InFSV Mainz 05Loris Karius
74%
InNewcastle UnitedGeorginio Wijnaldum
69%
InRed Star BelgradeMarko Grujic
69%
OutBournemouthJordon Ibe
64%
InFC AugsburgRagnar Klavan
64%
OutStoke CityJoe Allen
50%
OutFenerbahceMartin Skrtel
41%
InFC AugsburgAlexander Manninger
39%
OutBournemouthBrad Smith
31%
ReleasedCelticKolo Toure
30%
Out- LoanBurnleyJon Flanagan
29%
Out- LoanBarnsleyRyan Kent
24%
Out- LoanHuddersfield TownDanny Ward
23%
Out- LoanSwindon TownLloyd Jones
21%
Out- LoanWigan AthleticAdam Bogdan
20%
OutRangersJordan Rossiter
19%
OutWatfordJerome Sinclair
17%
OutFC PortoJoao Teixeira
11%
OutNorwich CitySergi Canos
11%
ReleasedFC LuzernSamed Yesil
9%
ReleasedFree AgentJose Enrique
6%
Out- LoanChesterfieldRyan Fulton
6%
Out- LoanMorecambeJack Dunn
3%
Out- LoanHertha BSCAllan Rodrigues
1%
ReleasedBirmingham CityDaniel Cleary
1%
OutSwindon TownLawrence Vigoroux
1%
Out- LoanOldham AthleticRyan McLaughlin
1%
ReleasedFree AgentAlex O'Hanlon
0%
ReleasedFree AgentKristof Polgar
0%
ReleasedFree AgentWilliam Marsh
0%

Score Distribution

Percentile by Number Answered

Percent of People with Each Score

Your Score History

You have not taken this quiz since the last reset